International management : strategy and culture in the emerging world
This title presents core theories and models from a global perspective. Students are presented with the fundamental theories of international management so they will be prepared to make decisions in any business situation.
Đã lưu trong:
| Príomhúdar: | |
|---|---|
| Formáid: | Leabhar |
| Teanga: | Undetermined |
| Foilsithe: |
Australia
South-Western
2010
|
| Ábhair: | |
| Clibeanna: |
Cuir Clib Leis
Gan Chlibeanna, Bí ar an gcéad duine leis an taifead seo a chlibeáil!
|
| Thư viện lưu trữ: | Trung tâm Học liệu Trường Đại học Cần Thơ |
|---|
| LEADER | 00929nam a2200229Ia 4500 | ||
|---|---|---|---|
| 001 | CTU_197054 | ||
| 008 | 210402s9999 xx 000 0 und d | ||
| 020 | |c 2182000 | ||
| 082 | |a 658.049 | ||
| 082 | |b A285 | ||
| 100 | |a Ahlstrom, David | ||
| 245 | 0 | |a International management : | |
| 245 | 0 | |b strategy and culture in the emerging world | |
| 245 | 0 | |c David Ahlstrom and Garry D. Bruton | |
| 260 | |a Australia | ||
| 260 | |b South-Western | ||
| 260 | |c 2010 | ||
| 520 | |a This title presents core theories and models from a global perspective. Students are presented with the fundamental theories of international management so they will be prepared to make decisions in any business situation. | ||
| 650 | |a International business enterprises,Các doanh nghiệp kinh doanh quốc tế | ||
| 650 | |x Management,Quản lý | ||
| 904 | |i Lộc, Bằng | ||
| 980 | |a Trung tâm Học liệu Trường Đại học Cần Thơ | ||